La cabeza bien puesta. Repensar la reforma. Reformar el pensamiento (Record no. 35578)
[ view plain ]
| 000 -CABECERA | |
|---|---|
| campo de control de longitud fija | 00583nam a22002177a 4500 |
| 003 - IDENTIFICADOR DEL NÚMERO DE CONTROL | |
| campo de control | OSt |
| 005 - FECHA Y HORA DE LA ÚLTIMA TRANSACCIÓN | |
| campo de control | 20220616122503.0 |
| 008 - DATOS DE LONGITUD FIJA--INFORMACIÓN GENERAL | |
| campo de control de longitud fija | 220613b ||||| |||| 00| 0 spa d |
| 020 ## - ISBN | |
| Número Internacional Estándar del Libro | 950-602-395-6 |
| 040 ## - FUENTE DE LA CATALOGACIÓN | |
| Centro/agencia transcriptor | Biblioteca Ernesto Sábato |
| 092 ## - SIGNATURA TOPOGRÁFICA | |
| Número de clasificación | 370.12 |
| Libristica | M298 |
| Sector | JLS |
| 100 ## - Autor Personal | |
| Nombre de persona | Morin, Edgar |
| 245 ## - MENCIÓN DE TÍTULO | |
| Título | La cabeza bien puesta. Repensar la reforma. Reformar el pensamiento |
| 260 ## - PUBLICACIÓN, DISTRIBUCIÓN, ETC. (PIE DE IMPRENTA) | |
| Lugar de publicación, distribución, etc. | Buenos Aires |
| Nombre del editor, distribuidor, etc. | Nueva visión |
| Fecha de publicación, distribución, etc. | 2002 |
| 300 ## - DESCRIPCIÓN FÍSICA | |
| Paginas | 96 p. |
| 440 ## - MENCIÓN DE SERIE/PUNTO DE ACCESO ADICIONAL--TÍTULO | |
| Título | Psicopedagogía |
| 650 ## - Descriptores Tematicos | |
| Término de materia o nombre geográfico como elemento inicial | EDUCACIÓN |
| 650 ## - Descriptores Tematicos | |
| Término de materia o nombre geográfico como elemento inicial | REFORMA EDUCATIVA |
| 650 ## - Descriptores Tematicos | |
| Término de materia o nombre geográfico como elemento inicial | JLS |
| 942 ## - ELEMENTOS DE PUNTO DE ACCESO ADICIONAL (KOHA) | |
| Fuente del sistema de clasificación o colocación | Dewey Decimal Classification |
| Tipo de ítem Koha | JLS |
| Estado de retiro | Estado de pérdida | Fuente del sistema de clasificación o colocación | Estado dañado | No para préstamo | Localización permanente | Ubicación/localización actual | Fecha de adquisición | Número de inventario | Total de préstamos | Signatura topográfica completa | Código de barras | Fecha visto por última vez | Precio válido a partir de | Tipo de ítem Koha |
|---|---|---|---|---|---|---|---|---|---|---|---|---|---|---|
| Dewey Decimal Classification | Biblioteca Ernesto Sabato - FADECS - UNCOMA | Biblioteca Ernesto Sabato - FADECS - UNCOMA | 16/06/2022 | 26133 | 370.12 M298 | 26133 | 16/06/2022 | 16/06/2022 | JLS |